| 000 | 00576nam a22001817a 4500 | ||
|---|---|---|---|
| 005 | 20250731115101.0 | ||
| 010 | _aENG-146261 | ||
| 020 |
_c1695.00 _a9789349015074 |
||
| 035 | _aEN-129793 | ||
| 037 | _bDBAD | ||
| 082 | _a796.06 | ||
| 100 |
_aGURGANI, SIMRAN RAJAN _983529 |
||
| 245 |
_aSPORTS CONTRACTS/ _cBY SIMRAN RAJAN GURGANI _hEnglish |
||
| 260 |
_aGURGAON _bLEXIS NEXIS |
||
| 270 |
_bGURGAON _a14th FLOOR, BUILDING NO. 10, TOWER-B, DLF CYBER CITY, PHASE-II, GURGAON, HARYANA _e122002 |
||
| 300 |
_a469p _c25cm(pbk) |
||
| 942 |
_2ddc _cEN _h796.06 _mGUR |
||
| 999 |
_c212749 _d212749 |
||